| 000 | 00601nam a2200205Ia 4500 | ||
|---|---|---|---|
| 001 | 2961 | ||
| 003 | GE_BSU | ||
| 008 | 181216s||||||||xx |||||||||||||| ||und|| | ||
| 040 | _cGE_BSU | ||
| 080 | _a621.64+531 | ||
| 100 | _aТартаковский,Г.А. | ||
| 245 | _aСтроительная механика трубопровода. | ||
| 245 | _cВед. ред. Г.В.Растова. | ||
| 260 | _aМ. | ||
| 260 | _bНедра. | ||
| 260 | _c1967. | ||
| 300 | _a312 стр. с илл. 21 см. | ||
| 653 | _aСтроительная механика трубопровода. | ||
| 942 | _cBK | ||
| 999 |
_c37009 _d37009 |
||